Comportamiento del consumidor / (Registro nro. 25253)
[ vista simple ]
| 000 -LEADER | |
|---|---|
| fixed length control field | 00884cam a2200265 a 4500 |
| 001 - CONTROL NUMBER | |
| control field | tec011165984 |
| 003 - CONTROL NUMBER IDENTIFIER | |
| control field | MX-MoT |
| 005 - DATE AND TIME OF LATEST TRANSACTION | |
| control field | 20250331185300.0 |
| 008 - FIXED-LENGTH DATA ELEMENTS--GENERAL INFORMATION | |
| fixed length control field | 070503e200600 sp a 000 0 spa d |
| 020 ## - INTERNATIONAL STANDARD BOOK NUMBER | |
| International Standard Book Number | 8497883241 |
| 020 ## - INTERNATIONAL STANDARD BOOK NUMBER | |
| International Standard Book Number | 9788497883245 |
| 040 ## - CATALOGING SOURCE | |
| Original cataloging agency | CO-CtgCURN |
| Language of cataloging | spa |
| Transcribing agency | coctgcurn |
| 082 04 - DEWEY DECIMAL CLASSIFICATION NUMBER | |
| Classification number | 658.834 |
| Item number | M726 |
| 245 00 - TITLE STATEMENT | |
| Title | Comportamiento del consumidor / |
| Statement of responsibility, etc. | Alejandro Mollá Descals (coordinador). |
| 250 ## - EDITION STATEMENT | |
| Edition statement | Primera edicion. |
| 260 ## - PUBLICATION, DISTRIBUTION, ETC. | |
| Place of publication, distribution, etc. | Barcelona : |
| Name of publisher, distributor, etc. | Editorial UOC, |
| Date of publication, distribution, etc. | c2006. |
| 300 ## - PHYSICAL DESCRIPTION | |
| Extent | 239 paginas : |
| Other physical details | ilustraciones en color ; |
| Dimensions | 24 cm. |
| 490 0# - SERIES STATEMENT | |
| Series statement | Economía y empresa ; |
| Volume/sequential designation | 36 |
| 504 ## - BIBLIOGRAPHY, ETC. NOTE | |
| Bibliography, etc. note | Incluye referencias bibliográficas (p. 233-239) |
| 650 #4 - SUBJECT ADDED ENTRY--TOPICAL TERM | |
| Topical term or geographic name entry element | Comportamiento del consumidor. |
| 700 1# - ADDED ENTRY--PERSONAL NAME | |
| Personal name | Mollá Descals, Alejandro. |
| 942 ## - ADDED ENTRY ELEMENTS (KOHA) | |
| Source of classification or shelving scheme | Dewey Decimal Classification |
| Koha item type | Libros |
| Classification part | 658.834 |
| Item part | M726 |
| 980 ## - EQUIVALENCE OR CROSS-REFERENCE-SERIES STATEMENT--PERSONAL NAME/TITLE [LOCAL, CANADA] | |
| Personal name | OCLC |
| Withdrawn status | Lost status | Source of classification or shelving scheme | Damaged status | Not for loan | Collection | Home library | Current library | Shelving location | Date acquired | Inventory number | Total checkouts | Full call number | Barcode | Date last seen | Price effective from | Koha item type | Public note |
|---|---|---|---|---|---|---|---|---|---|---|---|---|---|---|---|---|---|
| Dewey Decimal Classification | General | Miguel Henríquez Castañeda | Miguel Henríquez Castañeda | General | 03/31/2025 | 023108 | 658.834 M726 | 023108 | 03/31/2025 | 03/31/2025 | Libros | 650-ADMINS |